000 00293nam a22001337a 4500
008 171107b xxu||||| |||| 00| 0 eng d
020 _a9780324663785
041 _aeng
080 _a330722.6
100 _a62
101 _aKON
245 _aFINANCIAL ACCOUTING
_cWARREN.R
942 _2udc
_cBK
999 _c38067
_d38067